000 00995cam a2200253 4500
001 ABS65046
008 020123n2001 000 0 eng u
035 _a(Sirsi) u116412
245 _aNew internet best practice guidelines in full
260 _c2001
490 _aEstate Agency News
_v(173)November 2001, 6(1)
520 _aSets out internet best practice guidelines for estate agents and property portals. Key recommendations include: transparency in operation as a business; honesty in obtaining property details; quality in the conduct of business; accuracy of property information and compliance; and respect for the privacy and security of property and personal data.
590 _aABS
650 _aWEBSITES
650 _aDATA PROTECTION
650 _aQUALITY
650 _aGUIDELINES
650 _aINTERNET PORTALS
650 _aPROPERTY INFORMATION
650 _aESTATE AGENTS
650 _aESTATE AGENCY
690 _aINFORMATION TECHNOLOGY-INTERNET
942 _n0
999 _c69338
_d69338